000 00382nam a2200145Ia 4500
008 210716s1995 xx 000 0 und d
041 _aeng
082 _a658.403 COUJ
100 _aCouger, J Daniel.
245 _aCreative problem solving and opportunity finding.
250 _a1
260 _aBoston
_bBoyd and fraser publishing co.
_c1995
300 _axi,468
650 _aNone
999 _c206438
_d206438